| 000 | 00835cab a2200253 4500 | ||
|---|---|---|---|
| 001 | WB3505-14 | ||
| 008 | 090401t1999 xxu||||| |||| 00| 0 eng d | ||
| 035 | _a(Sirsi) u91063 | ||
| 041 | _aeng | ||
| 245 | _aGreenhouse gases | ||
| 260 | _c1999 | ||
| 350 | _a0 | ||
| 490 |
_aDaily Telegraph _v1 February 1999, 8(1) |
||
| 520 | _aA study by the forecasting company, Cambridge Econometrics claims that Britain will miss the Government`s target for reduced CO2 emissions by 2010 because the growing number of new homes will create a huge increase in pollution. | ||
| 650 | _aCARBON DIOXIDE EMISSIONS | ||
| 650 | _aENERGY USE | ||
| 650 | _aFORECASTS | ||
| 650 | _aGREENHOUSE GASES | ||
| 650 | _aNEW HOMES | ||
| 650 | _aPOLLUTION | ||
| 690 | _aENVIRONMENTAL AND LAND CONSULTANCY-ENERGY | ||
| 942 | _n0 | ||
| 948 | _c02/02/1999 | ||
| 999 |
_c57777 _d57777 |
||